000
00319nam a22001337a 4500
020
_a
81-7328-036-3
041
_a
ENG
100
_a
Kothari .C. R
245
_a
Research Methodology Methods & Techniques
260
_a
Delhi
_b
Wishwa Prakashan
_c
1991
300
_a
468
650
_a
Agricultural
856
_u
Agricultural
999
_c
457
_d
457